Kríza spotreby alebo kríza spoločnosti ? bankrotujú iba firmy alebo bankrotuje celá západná spoločnosť ?
Aké sú naozajstné korene súčasnej nelichotivej hospodárskej situácie. Príčiny krízy. Vysvetlenie koreňov súčasnej krízy na princípe pyramídy.
Guardado en:
| Autor principal: | |
|---|---|
| Formato: | Capítulo de libro |
| Lenguaje: | eslovaco |
| Materias: | |
| Etiquetas: |
Sin Etiquetas, Sea el primero en etiquetar este registro!
|
MARC
| LEADER | 00000naa$a2200000$$$4500 | ||
|---|---|---|---|
| 001 | 0104072 | ||
| 005 | 20240502072133.9 | ||
| 041 | 0 | |a slo | |
| 044 | |a SK | ||
| 245 | 1 | 0 | |a Kríza spotreby alebo kríza spoločnosti ? |b bankrotujú iba firmy alebo bankrotuje celá západná spoločnosť ? |c Martin Grančay |
| 520 | |a Aké sú naozajstné korene súčasnej nelichotivej hospodárskej situácie. Príčiny krízy. Vysvetlenie koreňov súčasnej krízy na princípe pyramídy. | ||
| 610 | 2 | 0 | |a kríza hospodárska |
| 610 | 2 | 0 | |a kríza finančná |
| 610 | 2 | 0 | |a spoločnosť |
| 610 | 2 | 0 | |a spotreba |
| 610 | 2 | 0 | |a svet |
| 100 | 1 | |a Grančay, Martin, 1984-2024 | |